<?xml version="1.0" encoding="UTF-8"?>
<record
    xmlns:xsi="http://www.w3.org/2001/XMLSchema-instance"
    xsi:schemaLocation="http://www.loc.gov/MARC21/slim http://www.loc.gov/standards/marcxml/schema/MARC21slim.xsd"
    xmlns="http://www.loc.gov/MARC21/slim">

  <leader>00793nam a2200193Ia 4500</leader>
  <controlfield tag="008">221110s9999    xx            000 0 und d</controlfield>
  <datafield tag="020" ind1=" " ind2=" ">
    <subfield code="a">97875495024247549502420</subfield>
  </datafield>
  <datafield tag="041" ind1=" " ind2=" ">
    <subfield code="a">chi</subfield>
    <subfield code="h">eng</subfield>
  </datafield>
  <datafield tag="050" ind1=" " ind2=" ">
    <subfield code="a">BV3427.A1 </subfield>
    <subfield code="b">.W812 2011</subfield>
  </datafield>
  <datafield tag="100" ind1=" " ind2=" ">
    <subfield code="a">Wylie, Alexander </subfield>
  </datafield>
  <datafield tag="245" ind1=" " ind2="0">
    <subfield code="a">1867&#x5E74;&#x4EE5;&#x524D;&#x6765;&#x534E;&#x57FA;&#x7763;&#x6559;&#x4F20;&#x6559;&#x58EB;&#x5217;&#x4F20;&#x53CA;&#x8457;&#x4F5C;&#x76EE;&#x5F55; </subfield>
    <subfield code="b">/</subfield>
    <subfield code="c">&#x4F1F;&#x70C8;&#x4E9A;&#x529B; (Alexander Wylie) &#x539F;&#x8457;; &#x502A;&#x6587;&#x541B;&#x8BD1;</subfield>
  </datafield>
  <datafield tag="246" ind1=" " ind2=" ">
    <subfield code="a">1867&#x5E74;&#x4EE5;&#x524D;&#x4F86;&#x83EF;&#x57FA;&#x7763;&#x6559;&#x50B3;&#x6559;&#x58EB;&#x5217;&#x50B3;&#x53CA;&#x8457;&#x4F5C;&#x76EE;&#x9304; </subfield>
    <subfield code="b">/</subfield>
  </datafield>
  <datafield tag="260" ind1=" " ind2=" ">
    <subfield code="a">&#x6842;&#x6797; : </subfield>
    <subfield code="b">&#x5E7F;&#x897F;&#x5E08;&#x8303;&#x5927;&#x5B66;&#x51FA;&#x7248;&#x793E;, </subfield>
    <subfield code="c">2011</subfield>
  </datafield>
  <datafield tag="300" ind1=" " ind2=" ">
    <subfield code="a">4, 12, 379 p. </subfield>
    <subfield code="b">; </subfield>
    <subfield code="c">27 cm.</subfield>
  </datafield>
  <datafield tag="500" ind1=" " ind2=" ">
    <subfield code="a">Translation from various publications of Alexander Wylie.</subfield>
  </datafield>
  <datafield tag="650" ind1=" " ind2=" ">
    <subfield code="a">Missionaries -- Bio-bibliography.Missions -- China.Protestant churches -- Missions.</subfield>
  </datafield>
  <datafield tag="700" ind1=" " ind2=" ">
    <subfield code="a">&#x4F1F;&#x70C8;&#x4E9A;&#x529B;&#x502A;&#x6587;&#x541B;</subfield>
  </datafield>
  <datafield tag="952" ind1=" " ind2=" ">
    <subfield code="0">0</subfield>
    <subfield code="1">0</subfield>
    <subfield code="4">0</subfield>
    <subfield code="7">0</subfield>
    <subfield code="a">GETS</subfield>
    <subfield code="b">GETS</subfield>
    <subfield code="c"> GEN</subfield>
    <subfield code="d">2022-11-09</subfield>
    <subfield code="l">0</subfield>
    <subfield code="o">BV3427.A1 .W812 2011</subfield>
    <subfield code="p">00029895</subfield>
    <subfield code="r">2022-11-09 00:00:00</subfield>
    <subfield code="w">2022-11-09</subfield>
    <subfield code="y">CB</subfield>
  </datafield>
  <datafield tag="999" ind1=" " ind2=" ">
    <subfield code="c">42940</subfield>
    <subfield code="d">42940</subfield>
  </datafield>
</record>
